[Event "Hoogovens"]
[Site "Wijk aan Zee"]
[Date "1991.01.??"]
[Round "11"]
[White "Salov, Valery"]
[Black "Olafsson, Helgi"]
[Result "1/2-1/2"]
[WhiteElo "2645"]
[BlackElo "2590"]
[Annotator "Salov,V"]
[PlyCount "83"]
[EventDate "1991.01.??"]
[EventType "tourn"]
[EventRounds "13"]
[EventCountry "NED"]
[EventCategory "14"]
[SourceTitle "CBM 022"]
[Source "ChessBase"]
[SourceDate "1991.06.01"]
[SourceVersion "1"]
[SourceVersionDate "1991.06.01"]
[SourceQuality "1"]

1. d4 {Schussler} Nf6 2. c4 e6 3. Nf3 b6 4. g3 Ba6 5. b3 Bb4+ 6. Bd2 Be7 7. Bg2
c6 8. Bc3 d5 9. Nbd2 Nbd7 10. O-O O-O 11. Re1 c5 12. e4 dxc4 13. bxc4 (13. Nxc4
Bb7 14. Nfe5 cxd4 15. Bxd4 b5 16. Nxd7 Nxd7 17. Ne3 Bc5 18. Rc1 Rc8 19. e5 Bxg2
20. Kxg2 Qb6 $10 {Cvitan-Stempin,Warsaw 1990}) 13... cxd4 14. Nxd4 Ne5 15. Nxe6
fxe6 16. Bxe5 Bc5 17. Rf1 $5 (17. Qe2 Bxf2+ $1 18. Qxf2 Ng4 19. Qd4 Nxe5 20.
Qxe5 Qxd2 21. Qxe6+ Kh8 $10) 17... Qd3 $1 (17... Bb4 18. Bxf6 gxf6 (18... Qxf6
$5) 19. Qa4 $16) (17... Rc8 18. Rc1 b5 19. Nb3 Ba3 20. c5 $1 Bxc1 21. Qxc1 $16
{Eingorn-Lerner,Lvov 1984}) 18. Nb3 Qxd1 19. Raxd1 Bxc4 20. Nxc5 Bxf1 21. Rxf1
(21. Kxf1 $2 bxc5 22. Bd6 Ng4 $1 23. Bxf8 Rxf8 24. Rd2 c4 $36) 21... bxc5 22.
Bd6 Rfc8 23. e5 Nd5 24. f4 g6 25. g4 (25. Bh3 $6 Re8 26. Bxc5 Rac8 27. Bxa7 Ra8
$15) 25... c4 26. f5 gxf5 (26... Kf7 $2 27. fxe6+ Kxe6 28. g5 $1 $16) (26... c3
$5 27. Bxd5 (27. fxe6 $6 Ne3 28. Bxa8 Nxf1 29. Bd5 Ne3 30. Bb3 c2 31. e7+ Kg7
32. Ba3 c1=Q+ 33. Bxc1 Rxc1+ 34. Kf2 Nxg4+ 35. Kg3 Rc8 36. Ba4 Nxe5 37. e8=Q
Rxe8 38. Bxe8 $15) 27... exd5 28. e6 c2 29. f6 c1=Q 30. f7+ $10) 27. gxf5 Ne3
28. Bxa8 Rxa8 29. Rc1 Nxf5 30. Rxc4 Nxd6 31. exd6 Rd8 $10 32. Rc6 Kf7 33. Rc7+
Kf6 34. Rxh7 a6 35. Rh6+ Kf5 36. Rh5+ Kf4 37. Kf2 Rxd6 38. Rh4+ Kg5 39. Ra4
Rd2+ 40. Ke3 Rxh2 41. Rxa6 Kf5 42. a4 1/2-1/2

[Event "Olympiad-39"]
[Site "Khanty-Mansiysk"]
[Date "2010.10.01"]
[Round "10.1"]
[White "Pelletier, Yannick"]
[Black "Sasikiran, Krishnan"]
[Result "0-1"]
[WhiteElo "2592"]
[BlackElo "2681"]
[Annotator "Sasikiran,K"]
[PlyCount "168"]
[EventDate "2010.09.21"]
[EventType "team-swiss"]
[EventRounds "11"]
[EventCountry "RUS"]
[SourceTitle "CBM 139"]
[Source "ChessBase"]
[SourceDate "2010.11.18"]
[SourceVersion "1"]
[SourceVersionDate "2010.11.18"]
[SourceQuality "1"]
[WhiteTeam "Switzerland"]
[BlackTeam "India"]
[WhiteTeamCountry "SUI"]
[BlackTeamCountry "IND"]

1. Nf3 Nf6 2. c4 b6 3. d4 e6 4. g3 Ba6 5. b3 d5 6. Bg2 Bb4+ 7. Bd2 Be7 8. Nc3 {
I was expecting the more usual cd5.} c6 9. cxd5 cxd5 10. b4 $5 {Only this move
can justify the exchange on d5. However it not clear whether this advance
achieves any advantage as White weakens c4-square.} (10. O-O O-O 11. Rc1 Nbd7
$11 {0-1 Stockfish 1.5.1 32-bit (2966)-Hiarcs 12 Sharpen PV On (2918)/CCRL
2009 (64)}) 10... Nbd7 11. b5 Bb7 12. O-O O-O 13. Qb3 Ne4 $1 14. Rfd1 {[%mdl 8]
} (14. Rfc1 Nd6 $5 {1/2-1/2 Aranha Filho,A (2251)-Tsuboi,E (2341)/Sao Paulo
2001/CBM 084 ext (42)}) (14. Nxe4 dxe4 15. Ne1 a6 $1 $36) 14... a6 $5 15. a4 (
15. Nxe4 $6 dxe4 16. Ne1 (16. Ne5 axb5 17. Qxb5 Nxe5 18. dxe5 Ba6 19. Qb2 Bxe2
20. Bxe4 Bxd1 21. Bxa8 Qxa8 22. Rxd1 Rd8 $15) 16... axb5 $15) (15. bxa6 Bxa6
16. Nb5 $11) (15. Be1 Nxc3 16. Bxc3 axb5 17. Qxb5 Ra3 $36) 15... Rc8 $5 ({
Black would like to exchange on d2 and obtain the pair of bishops. However an
early exchange allows White to open the centre with e4.} 15... Nxd2 16. Nxd2
Rc8 (16... axb5 17. Nxb5 Nf6 18. Rdc1 Rc8 19. e3 {looks equal on the surface.
However it is easier to play White due to the symmetrical pawn structure and
weakness on b6.}) (16... f5 $6 17. bxa6 $1 Rxa6 18. Rdc1 $14) 17. e4 Bf6 18.
Ne2 Re8 $5 19. e5 Be7 20. Nf1 $14 {White has some space advantage which
enables him to manoeuvre his pieces to better squares.}) 16. Rac1 (16. Nxe4
dxe4 17. Ne5 Bd5 18. Qb1 axb5 19. axb5 Nxe5 20. dxe5 Rc4 21. Rc1 Qc8 22. Be3 (
22. Rxc4 Qxc4 23. Be3 Bc5 24. Bxc5 bxc5 25. Qb2 Rb8 26. Rb1 e3 27. fxe3 Bxg2
28. Kxg2 Qe4+ 29. Kf2 Qf5+ 30. Kg1 Qe4 $11) 22... Rxc1+ 23. Qxc1 Qb7 24. Ra6
Rc8 $11) 16... Nxd2 17. Nxd2 Nf6 $5 18. e3 $6 {Underestimating Black's next
move.The pawn structure is similar, but it is necessary to have the right plan
to go about the position. Exchanging on a6 allows White to concentrate on the
b6-pawn as well as obtaining the b5-square for the knight. Still the position
remains equal but it is easier to play with Black.} (18. bxa6 $1 Bxa6 19. e4 (
19. e3 $5 Qd6 20. Rb1 Rc6 21. Nb5 Bxb5 22. axb5 Rc7 $11) 19... dxe4 20. Ndxe4
Nxe4 21. Bxe4 Bc4 22. Qc2 g6 23. Bb7 Rc7 24. Nb5 Rxb7 25. Qxc4 Rd7 $11) (18. e4
$6 {is no longer available as the d4-pawn is hanging.} axb5 19. e5 (19. axb5 $6
Nxe4 20. Ndxe4 dxe4 $17) 19... bxa4 20. Nxa4 Nd7 21. Rxc8 Qxc8 22. Nxb6 Nxb6
23. Qxb6 Qc2) 18... a5 $1 {Creating an outpost on b4 which can now be occupied
by the bishop or the queen.} 19. Rc2 Bb4 (19... Qd6 $5 20. Rdc1 Qb4 21. Qa2 g6
$11) 20. Rdc1 (20. Nf3 $142 Nd7 (20... Bd6 $5 21. Rdc1 Qe7 22. Ne2 $11) 21.
Rdc1 Qe7 22. Ne2 Rxc2 23. Rxc2 Bd6 24. Nf4 Rc8 25. Rxc8+ Bxc8 26. Nd3 $11)
20... Qe7 21. Nf3 (21. Na2 Bd6 $5 $11) 21... Ba3 22. Ra1 Bd6 23. Rac1 Ba3 24.
Ra1 Bd6 25. Rac1 Rc7 $5 {I decided to play on as Black has little risk of
losing.} 26. Ne2 Rfc8 27. Nf4 (27. h3 $5 {preparing Ne5 looks more to the
point.} Ne4 (27... g6 28. Ne5 Rxc2 29. Rxc2 Rxc2 30. Qxc2 Kg7 $5 31. Nc6 Qc7 {
Again Black can continue without much risk.}) 28. Ne5 Nd2 29. Rxc7 Rxc7 30. Qd1
Bxe5 31. Rxc7 Qxc7 32. Qxd2 Bd6 33. Nf4 g6 34. Nd3 Qc4 35. Qd1 Kg7 $5 36. Bf1 {
Although Black looks better, it is hard to make any headway without activating
the bishop on b7. To achieve this Black has to play, but this might weaken the
central pawn d5.}) 27... Ne4 $1 {Already anticipating the following exchanges,
Black prepares to exploit the weakness on a4.} 28. Nd3 $6 (28. Ne2 $5 {looks
more circumspect controlling c3 and keeping the e4-knight at bay.}) 28... Rxc2
29. Rxc2 Rxc2 30. Qxc2 Qc7 $1 31. Qxc7 Bxc7 32. Nb2 f6 {Restraining the Nf3
and preparing to move to the king towards the centre.} 33. Kf1 Bd6 34. Ne1 Nc3
35. Nc2 e5 36. Ke1 Kf7 37. Bh3 (37. Kd2 Nb1+ (37... Ne4+ 38. Bxe4 dxe4 39. Nc4
Bc7 40. dxe5 fxe5 41. N2a3 Ke6 42. Kc2 $11 {followed by Nb1-c3 and it is hard
to imagine that Black can win.}) 38. Kc1 Na3 $5 39. f3 (39. Na1 e4 $15) 39...
Bc8 $5 $15) 37... e4 38. Kd2 Nb1+ $1 {Repeating moves to move closer to the
time control on move 40.} 39. Kc1 Nc3 40. Kd2 Na2 41. Nd1 {Here and at several
moments later, Yannick prefers passive defence. In my opinion it was necessary
to try to break Black's favourable trend (Black has been improving his
position consistently in the last 15 moves or so).} ({In this regard} 41. f3 $5
{is worthy of consideration.} exf3 $142 $5 (41... Ke7 $143 42. f4 $1 (42. fxe4
$6 dxe4 43. Nc4 Bc7 44. N2a3 g6 45. Bg4 Nb4 46. Nb1 f5 47. Be2 Nd5 (47... h5 $5
) 48. Nc3 Nf6 $5 {followed by the advance of the kingside pawns.} (48... Nxc3
$5 49. Kxc3 Kf6 $15)) 42... g6 43. Nd1 f5 44. Bf1 Kf6 45. h4 $11) 42. Bg4 f2
43. Be2 f5 44. Nd3 g5 45. Nxf2 $15) 41... g6 42. Nc3 $6 ({Again} 42. f3 $5 {
was possible.} exf3 43. Bg4 f5 (43... h5 44. Bxf3 h4 45. gxh4 Bxh2 46. h5 $11
g5 $6 47. Bg4 $1 $14) 44. Bxf3 g5 45. Nf2 Ke6 (45... f4 46. gxf4 gxf4 47. e4
$11) 46. Nd3 h6 47. Bh5 Bc8 $15) (42. Bf1 {would have avoided the weak h-pawn
as occurred in the game. In this Black's winning chances are minimal.} f5 (
42... g5 43. Bh3 $1 $11) 43. h4 Bc8 44. Nc3 Nxc3 45. Kxc3 Kf6 $15) 42... Nxc3
43. Kxc3 f5 44. Kd2 (44. Bf1 g5 45. Be2 Kg6 46. f3 exf3 47. Bxf3 h5 48. Kd2 g4
49. Be2 h4 $17) (44. Bg2 g5 45. f4 exf3 46. Bxf3 g4 47. Bg2 h5 48. Kd2 h4 49.
gxh4 Bxh2 50. Na3 Kg6 51. Nc4 Bc7 52. Ne5+ Kh5 53. Nc6 Kxh4 $17) 44... Bc8 $5 {
Black has a space advantage and White's knight is misplaced. However Black
must open up the kingside to give scope to his bishops. In this process it is
quite possible that many pawns may get exchanged on the kingside. Hence Black
must retain his light coloured bishop to attack the weakness on a4.} 45. Ne1 g5
46. Ke2 Kf6 47. Nc2 (47. Bg2 f4 $1 (47... Be6 $6 48. f4 Bf7 (48... exf3+ 49.
Bxf3 Bf7 50. Nd3 Ke6 51. Nc1 $5 Be7 52. Na2 Kd6 53. Nc3 $11) 49. Nc2 Be7 (49...
Bh5+ $6 50. Kd2 h6 51. Bf1 Be8 52. Ke1 h5 53. h4 gxh4 54. gxh4 Ke6 55. Kf2 $11)
50. Bf1 h5 51. Kf2 h4 $15) 48. gxf4 gxf4 49. f3 Bf5 50. fxe4 dxe4 51. exf4 Bxf4
52. h3 Bg6 53. Nc2 Ke6 54. Ne3 Bg5 {Black continues with h5-h4, and then
exchanges his bishop for the e3-knight to obtain entry to White's queenside
for his bishop or king.} {A sample variation is as follows} 55. Kd2 (55. Kf2 $6
Bf6 56. d5+ (56. Nc2 Kd5 57. Ke3 Bg5+ 58. Kf2 Kc4 $19) 56... Kd6 57. Bf1 Bd4
$19) 55... h5 56. Bf1 h4 57. Bc4+ Kd6 58. Be2 Bf5 59. Bf1 Be6 60. Bg2 Bxe3+ 61.
Kxe3 Bb3 62. Bxe4 Bxa4 63. Bd3 Bb3 $19) 47... Be6 48. Ke1 (48. Bg2 $142 f4 (
48... h5 49. f4 h4 50. Bf1 Bf7 51. Kf2 Kg6 52. Ne1 hxg3+ 53. hxg3 gxf4 54. gxf4
Be7 55. Ng2 Kf6 56. Be2 Ke6 57. Bd1 $11) 49. gxf4 gxf4 50. f3 exf3+ 51. Bxf3
Bf5 52. Ne1 Ke6 $15) 48... Bf7 $5 49. Bf1 h5 50. Be2 f4 51. Kf1 $6 (51. exf4
gxf4 52. Bd1 h4 (52... e3 53. gxf4 exf2+ 54. Kxf2 Bxf4 55. h4 $11) 53. gxf4 (
53. gxh4 Be6 54. f3 Be7 $17) 53... Bxf4 54. Ne3 Kg5 $1 (54... Be6 $2 55. Bb3
Bxh2 56. Bxd5 Bf4 57. Bxe6 Kxe6 58. Kf1 h3 (58... Bg5 59. Kg2 Bf6 60. Kh3 Bxd4
61. Kxh4 Bxe3 62. fxe3 Kd5 63. Kg4 Kc4 64. Kf5 Kb4 65. Kxe4 Kxa4 66. Kd5 Kb3
67. e4 a4 68. e5 a3 69. e6 a2 70. e7 a1=Q 71. e8=Q Qc1 72. Qc6 $11) 59. Kg1 Bc7
60. Kh1 {and Black cannot make any headway.}) 55. h3 (55. Bb3 $2 Bxh2 56. Bxd5
Bxd5 57. Nxd5 h3 58. Kf1 Kg4 $19) 55... Bxe3 (55... Be6 56. Bg4) 56. fxe3 Be6
57. Bb3 Bxh3 58. Bxd5 Bg4 $1 59. Bxe4 h3 {and Black wins because White will be
unable to stop the a5-passer.} 60. Bc6 h2 61. Kf2 Bd1 62. Kg3 Bxa4 63. Kxh2 Bb3
64. Be4 Kg4 65. Bb1 a4 66. Kg2 a3 67. Kf2 a2 $19) 51... h4 $4 {Black misses
the golden opportunity.} (51... f3 $142 52. Bd1 Kf5 {Black's plan is to play
Kg4 and h4 and sacrifice his bishop on g3 or e3 to queen the f-pawn. White's
pieces are awkwardly placed and he cannot stop this plan.} 53. Ne1 (53. Na1 Kg4
54. Kg1 h4 55. Nb3 Bb4 56. Nc1 hxg3 57. hxg3 Bd2 58. Nb3 Bxe3 $19) 53... Kg4
54. Bb3 h4 55. Nc2 Kh3 56. Kg1 hxg3 57. hxg3 Bxg3 58. fxg3 Kxg3 $19) 52. gxf4
gxf4 53. exf4 Bxf4 54. Ne3 $1 (54. h3 $2 {would have avoided fixing the pawn
on a dark square (the colour of the unopposed bishop). However Black
eventually breaks with e3 to obtain entry to White's weaknesses on d4, a4 etc.
Play might continue} Be6 55. Kg2 Bd2 56. Bh5 Bc3 57. Be2 Kg5 58. Bd1 Bb2 59.
Be2 Kf4 60. Bh5 Bc1 61. Bg6 Bd2 62. Bh5 Bf5 63. Bd1 e3 64. fxe3+ Bxe3 $19)
54... Be6 (54... Bxh2 $4 55. Ng4+ $18) 55. Kg2 h3+ 56. Kg1 Ke7 $5 {Having
missed the opportunity on move 51, Black's main idea now is to bring the
dark-coloured bishop into White's camp and effect a breakthrough on e3 to gain
access to White's queenside pawns. However it is not clear how Black can
achieve it without help from White.} 57. Bd1 Kd6 58. Be2 Bg5 59. Kf1 Bf6 60.
Nc2 Bf5 61. Bd1 Bg7 (61... Bg6 62. Ke1 Ke6 (62... Bg5 63. Bg4 Bf4 64. Bxh3 Bxh2
65. Ne3 $11) 63. Bg4+ (63. Be2 e3 (63... Bf5 64. Kf1 $11) 64. Nxe3 Bxd4 65.
Bg4+ Ke5 66. Bxh3 Bxe3 67. fxe3 Bc2 68. Kd2 Bxa4 69. Bd7 d4 70. exd4+ Kxd4 71.
h4 Ke5 72. Kc3 Bd1 73. Be8 Kf6 74. Kd4 Bg4 75. Bc6 $11) 63... Bf5 64. Bd1 (64.
Bxf5+ $6 Kxf5 65. Ne3+ Kg5 66. Nxd5 Bxd4 $17) 64... Kd7 65. Bh5 Kd6 66. Bd1 Bh7
67. Bg4 e3 68. Nxe3 Bxd4 69. Nf5+ Bxf5 70. Bxf5 Kc5 71. Bxh3 Kb4 72. Be6 Kxa4
73. Bxd5 Kxb5 74. h4 a4 75. h5 Kc5 76. Bf7 b5 77. Be8 $1 a3 78. Bf7 Kb4 79. Kd2
$11) 62. Ne3 Be6 63. Nc2 Kd7 64. Ke1 $2 {Allowing the bishop to reach d2 after
which the position can no longer be saved.} (64. Be2 $142 Bh6 65. Ne3 $1 {
White stops Bd2 and if Black plays Bf8 then Nc2 stopping Ba3 or Bb4 and White
achieves a draw.}) 64... Bh6 65. Kf1 (65. Ne3 Bf4 66. Nf1 Bc1 67. Ng3 Ke7 68.
Ke2 Kf6 $17) 65... Bf4 66. Kg1 Bd2 67. Kf1 Kd6 68. Be2 Ke7 69. Bh5 Kf6 70. Be2
Kg5 71. Bd1 Kf4 72. Ke2 Bc3 73. Kf1 Bf7 74. Be2 Bd2 75. Bd1 Bc1 76. Ke1 Be6 77.
Ke2 Bg4+ 78. Ke1 Bf3 $1 {Quite a strong move putting White in zugzwang.
However during the game, I felt that I had overlooked the surprising tactic
Nb4 and was frantically calculating variations and was never able to catch the
b-pawn. But all that is required is to make space for the bishop on c1.} 79.
Be2 (79. Nb4 axb4 80. a5 bxa5 81. b6 Kg4 82. b7 Bf4 $19) 79... e3 80. Bd3 Bd2+
81. Kf1 Bg2+ 82. Ke2 Bf3+ 83. Kf1 Be4 84. fxe3+ Bxe3 0-1

[Event "Munich"]
[Site "Munich"]
[Date "1990.??.??"]
[Round "?"]
[White "Nikolic, Predrag"]
[Black "Ribli, Zoltan"]
[Result "1/2-1/2"]
[WhiteElo "2600"]
[BlackElo "2605"]
[Annotator "Schluricke,R"]
[PlyCount "28"]
[EventDate "1990.04.??"]
[EventType "tourn"]
[EventRounds "11"]
[EventCountry "GER"]
[EventCategory "13"]
[SourceTitle "EXT 2005"]
[Source "ChessBase"]
[SourceDate "2004.11.15"]
[SourceVersion "1"]
[SourceVersionDate "2004.11.15"]
[SourceQuality "1"]

1. d4 Nf6 2. c4 e6 3. Nf3 b6 4. g3 Ba6 5. b3 Bb4+ 6. Bd2 Be7 7. Bg2 c6 8. O-O
d5 9. Bc3 Nbd7 10. Nbd2 O-O 11. Re1 c5 12. e4 dxe4 (12... dxc4 13. Nxc4 Bb7 14.
e5 Nd5 15. Bd2 Rc8 16. a4 $1 {Karpov,A-Kramnik,V/ Prague 2002}) 13. Ng5 $5 (13.
Nxe4 Bb7 14. Nfg5) 13... cxd4 14. Bxd4 Qc7 1/2-1/2

[Event "Danzhou 7th"]
[Site "Danzhou"]
[Date "2016.07.12"]
[Round "5"]
[White "Nepomniachtchi, Ian"]
[Black "Hou, Yifan"]
[Result "1-0"]
[WhiteElo "2725"]
[BlackElo "2653"]
[Annotator "Schulz,Andre"]
[PlyCount "137"]
[EventDate "2016.07.08"]
[EventType "tourn"]
[EventRounds "9"]
[EventCountry "CHN"]
[EventCategory "20"]
[SourceTitle "CBM 174"]
[Source "ChessBase"]
[SourceDate "2016.09.13"]
[SourceVersion "1"]
[SourceVersionDate "2016.09.13"]
[SourceQuality "1"]

1. d4 Nf6 2. c4 e6 3. Nf3 b6 4. g3 Bb4+ 5. Bd2 Bxd2+ 6. Qxd2 Ba6 7. Qc2 c5 8.
Bg2 Nc6 9. dxc5 bxc5 10. O-O O-O 11. Rd1 Qe7 12. Qa4 Bb7 13. Nc3 d6 14. Rd2
Rfd8 15. Rad1 a6 16. Ng5 Nd4 17. Bxb7 Qxb7 18. e3 Nf5 19. Qc2 Rac8 {[#]} 20.
Nd5 {Spicing up the position and giving Black problems to solve.} exd5 21. Qxf5
h6 ({After} 21... dxc4 22. Rxd6 Rxd6 23. Rxd6 {White threatens 24.Rxf6 and
Black is in trouble.}) 22. Nf3 dxc4 23. Rxd6 {[#]} Qc7 $2 ({Correct was} 23...
Rxd6 24. Rxd6 Re8 {with the simple threat of ...Qxb2.} 25. Rd2 $11 {with a
roughly equal position.}) 24. Rxd8+ Rxd8 25. Rxd8+ Qxd8 26. Qxc5 {White won a
pawn.} Qd1+ 27. Kg2 Qc2 28. Qc8+ Kh7 29. h3 a5 30. Nd4 Qe4+ (30... Qxb2 31.
Qxc4 {doesn't make life easier for Black.}) 31. Kh2 Qd3 32. Qc7 Qf1 33. Qf4 Qb1
{By attacking the queenside pawns Black forces a liquidation to a knight
ending.} 34. Qf5+ Qxf5 35. Nxf5 Ne4 36. Kg2 c3 37. bxc3 Nxc3 38. a3 Nb5 39. a4
Nc3 40. Nd4 Nxa4 41. Nb3 h5 42. Nxa5 {[#] Black managed to exchange the
queenside pawns which improves her drawing chances. But Black still has to
fight and in "Fundamental Chess Endgames" Karsten Müller claims that knight
endings with four against three pawns on one wing are almost always won for
the side with the extra-pawn.} g6 43. Nc4 Kg7 44. Kf3 Nc5 45. e4 Ne6 46. Ke3
Kf6 47. f4 Nc7 48. Ne5 Nb5 49. Kd3 Ke6 50. Nf3 Ke7 ({Exchanging knights loses
immediately:} 50... f6 $4 51. Nd4+) 51. Nd4 Nc7 52. Ke3 Na6 53. f5 gxf5 (53...
Kf6 54. Kf4 g5+ 55. Ke3 Nb4 56. h4 g4 57. Nb5 (57. Ne2 $2 {yields nothing} Ke5
58. Nf4 Nc2+) 57... Ke5 58. Na3 Kf6 59. Nc4 {and the advance of the e-pawn
secures White the win.}) 54. Nxf5+ Kf6 55. Kf4 Nc5 56. e5+ Kg6 57. Ne7+ ({
A shorter way to win was} 57. Nh4+ Kg7 58. Kf5 Ne6 59. Nf3 $18) 57... Kg7 58.
Kf5 Nd3 (58... Ne6 $5 {may have been more stubborn.}) 59. Nd5 Nc5 60. h4 Kh6
61. Nf6 Ne6 62. Ne8 Nc5 63. Nd6 Kg7 64. Ne8+ Kh6 65. Nd6 Kg7 66. Kg5 Nd7 67.
Nc4 f6+ 68. exf6+ Nxf6 69. Nd6 1-0

[Event "RUS-chT 21st"]
[Site "Loo"]
[Date "2014.04.13"]
[Round "7.2"]
[White "Smirnov, Pavel"]
[Black "Karjakin, Sergey"]
[Result "1/2-1/2"]
[WhiteElo "2624"]
[BlackElo "2772"]
[Annotator "Schulz,Andre"]
[PlyCount "80"]
[EventDate "2014.04.07"]
[EventType "team-swiss"]
[EventRounds "7"]
[EventCountry "RUS"]
[SourceTitle "CBM 160"]
[Source "ChessBase"]
[SourceDate "2014.05.15"]
[SourceVersion "1"]
[SourceVersionDate "2014.05.15"]
[SourceQuality "1"]
[WhiteTeam "Nizhniy Tagil Polytechnik"]
[BlackTeam "Sverdlovsk Region"]
[WhiteTeamCountry "RUS"]
[BlackTeamCountry "RUS"]

1. d4 Nf6 2. c4 e6 3. Nf3 b6 4. g3 Ba6 5. Qa4 Bb7 6. Bg2 c5 7. dxc5 bxc5 8. O-O
Be7 9. Nc3 O-O 10. Rd1 Qb6 11. Bf4 Rd8 12. Rd2 Nc6 13. Rad1 Na5 14. Qb5 (14.
Ne1 Bxg2 15. Nxg2 Nc6 16. Qb5 d5 17. e3 h6 18. h4 dxc4 19. Rxd8+ Rxd8 20. Rxd8+
Bxd8 21. Qxb6 axb6 22. e4 Nd7 23. Bd6 Bf6 24. Ne3 Na5 25. f4 Bd4 26. Kf2 Nf6
27. Kf3 Ne8 28. e5 Nxd6 29. exd6 Kf8 30. f5 Ke8 31. a4 Kd7 32. fxe6+ fxe6 33.
Ke4 h5 34. Ng2 Nb3 35. Kf4 Nc1 36. Ke4 Nd3 37. Nb5 Bxb2 38. Ne3 Ne5 39. Nd1 c3
40. Ne3 Nc6 {0-1 (40) Van Wely,L (2678)-Karjakin,S (2756) Antalya 2013}) 14...
Qxb5 15. cxb5 Rac8 16. e4 h6 (16... Nxe4 $6 17. Rxd7) 17. h4 Kf8 18. Ne1 Nc4
19. e5 Nd5 20. Nxd5 Bxd5 21. Rc2 Nb6 22. Bxd5 exd5 (22... Nxd5 $11) 23. b3 c4
24. Be3 cxb3 25. axb3 d6 26. Bxb6 (26. exd6 $5 Bxd6 27. Rc6) 26... axb6 27.
exd6 Bxd6 28. Rxd5 Bc5 29. Rcd2 Rxd5 30. Rxd5 Ke7 31. Nd3 Bd6 32. Rd4 Rc3 33.
b4 g5 34. hxg5 hxg5 35. Kf1 f5 36. Ke2 g4 37. Kd2 Rc8 38. Nf4 Bxf4+ 39. Rxf4
Ke6 40. f3 gxf3 1/2-1/2

[Event "Candidates Tournament"]
[Site "Moscow"]
[Date "2016.03.16"]
[Round "5"]
[White "Topalov, Veselin"]
[Black "Karjakin, Sergey"]
[Result "1/2-1/2"]
[WhiteElo "2780"]
[BlackElo "2760"]
[Annotator "Schulz,Andre"]
[PlyCount "81"]
[EventDate "2016.03.11"]
[EventType "tourn"]
[EventRounds "14"]
[EventCountry "RUS"]
[EventCategory "22"]
[SourceTitle "CBM 172"]
[Source "ChessBase"]
[SourceDate "2016.05.12"]
[SourceVersion "1"]
[SourceVersionDate "2016.05.12"]
[SourceQuality "1"]

1. d4 Nf6 2. c4 e6 3. Nf3 b6 4. g3 Ba6 5. b3 Bb4+ 6. Bd2 Be7 7. Nc3 d5 8. cxd5
exd5 9. Bg2 O-O 10. O-O Re8 11. Rb1 c5 12. dxc5 bxc5 13. Ne5 Bb7 14. Bf4 Bf8
15. Rb2 {[#]} Bd6 {[#]} (15... g5 {provoziert} 16. Nxf7 $5 Kxf7 17. Bxg5 Qd7
18. Nxd5 {mit drei Bauern und Angriff für die Figur.}) 16. Nd3 (16. Nxf7 $5
Kxf7 17. Nxd5 Bxf4 18. Nxf6 Qxd1 19. Rxd1 Re7 20. Nd5 {war auch hier möglich
und wird von der Maschine als vorteilhaft für Weiß angesehen.}) 16... Na6 17.
Bxd6 Qxd6 18. Nf4 Qe5 19. Rc2 Rad8 20. Na4 c4 21. Qd2 g5 22. Nh3 h6 23. f4 gxf4
24. Qxf4 cxb3 25. axb3 Kg7 26. Qxe5 Rxe5 27. Nf4 Re7 28. Nd3 Ng4 29. Rf4 Ne3
30. Rd2 d4 31. Bh3 Be4 32. Nac5 Nxc5 33. Nxc5 f5 34. g4 fxg4 35. Bxg4 Nxg4 36.
Rxg4+ Bg6 37. Kf2 Re5 38. Nd3 Rf5+ 39. Ke1 h5 40. Rg1 a5 41. Rc2 1/2-1/2

[Event "Altensteig"]
[Site "Altensteig"]
[Date "1990.??.??"]
[Round "4"]
[White "Rajkovic, Dusan"]
[Black "Chernin, Alexander"]
[Result "1/2-1/2"]
[WhiteElo "2485"]
[BlackElo "2600"]
[Annotator "Schussler,H"]
[PlyCount "32"]
[EventDate "1990.07.??"]
[EventType "tourn"]
[EventRounds "11"]
[EventCountry "GER"]
[EventCategory "9"]
[SourceTitle "CBM 020"]
[Source "ChessBase"]
[SourceDate "1991.02.01"]
[SourceVersion "1"]
[SourceVersionDate "1991.02.01"]
[SourceQuality "1"]

1. d4 Nf6 2. c4 e6 3. Nf3 b6 4. g3 Ba6 5. b3 Bb4+ 6. Bd2 Be7 7. Bg2 c6 8. O-O
d5 9. Ne5 Nfd7 10. Nxd7 Qxd7 $5 {Usual is 10. - Nxd7, which is considered
quite safe for Black.} 11. Bc3 dxc4 12. d5 $5 cxd5 13. Bxg7 Rg8 14. Bb2 Nc6 15.
Qc2 (15. bxc4 Bxc4 16. Nd2 Ba6 17. Re1 Rc8 18. e4 $13 {Novikov-Adorjan,
Hungary 1990 (see game 278 at this disk).}) 15... f5 16. Rd1 Bd6 $13 1/2-1/2